000 00524nmm a2200169Ia 4500
008 251105s9999||||xx |||||||||||||||||und||
020 _a9788481698503
041 _aspa
100 _aBillon , Gérard
245 0 _aLeer la Biblia hoy :
_b Desafíos para las Iglesias. Cuaderno Bíblico 141
264 _a[Madrid, España] :
_bEditorial Verbo Divino,
_c2008
300 _a136 páginas
490 _aCuadernos bíblicos
650 _aReligion(s)
856 _uhttps://public.digitaliapublishing.com/a/20651
942 _cCF
999 _c86002
_d86002